A Legislative Hearing on H.R. 1461, The "Veterans, Employees, and Taxpayers Protection Act of 2017".

Bibliographic Details
Format: Government Document eBook
Language:English
Published: Bethesda, Md. : ProQuest, 2017.
Subjects:
Online Access:electronic resource (pdf)

MARC

Tag First Indicator Second Indicator Subfields
LEADER 00000cam a22000001i 4500
001 in00004157621
005 20200117101318.0
006 m d f
007 cr bn mmmapmmp
008 180717s2017 mdu o f000 0 eng d
024 8 |a hrghrg2017vah181128 
024 8 |a chdc20180389 
035 |a chdc20180389 
040 |a UMI  |c UMI  |e rda  |d UtOrBLW 
043 |a n-us--- 
086 0 |a Y4.V64/3:115-6 
110 1 |a United States.  |b Congress.  |b House.  |b Committee on Veterans' Affairs.  |b Subcommittee on Economic Opportunity,  |e issuing body.  |0 http://id.loc.gov/authorities/names/no2005083827 
245 1 2 |a A Legislative Hearing on H.R. 1461, The "Veterans, Employees, and Taxpayers Protection Act of 2017". 
264 1 |a Bethesda, Md. :  |b ProQuest,  |c 2017. 
300 |a 42 pages, digital, PDF file. 
336 |a text  |2 rdacontent  |b txt 
337 |a computer  |b c  |2 rdamedia 
338 |a online resource  |2 rdacarrier  |b cr 
500 |a Record is based on bibliographic data in ProQuest U.S. Congressional Hearings Digital Collection. Reuse except for individual research requires license from ProQuest, LLC. 
500 |a "Mar. 21, 2017." 
500 |a Committee on Veterans' Affairs Serial Number 115-6. 
533 |a Electronic reproduction.  |b [Bethesda, Md.] :  |c ProQuest,  |d 2018.  |e digital, PDF file.  |n ProQuest Congressional Hearings Digital Collection.  |n Mode of access: World Wide Web via ProQuest website. 
538 |a System requirements: PDF reader software. 
610 1 0 |a United States.  |b Office of Personnel Management.  |0 http://id.loc.gov/authorities/names/n79140460 
610 1 0 |a United States.  |b Department of Veterans Affairs.  |0 http://id.loc.gov/authorities/names/n87945386 
650 0 |a Hours of labor  |x Law and legislation  |z United States.  |0 http://id.loc.gov/authorities/subjects/sh2008105808 
651 0 |a United States  |x Officials and employees  |x Personnel management. 
776 0 8 |i Microfiche version:   |a United States. Congress. House. Committee on Veterans' Affairs. Subcommittee on Economic Opportunity.  |t Legislative Hearing on H.R. 1461, The "Veterans, Employees, and Taxpayers Protection Act of 2017".  |o CIS 2018 H761-181128 
856 4 0 |u http://proxy.library.tamu.edu/login?url=http://congressional.proquest.com/congcomp/getdoc?hearing-id=hrg-2017-vah-181128  |y electronic resource (pdf)  |z CIS 2018 H761-181128  |t 0 
999 f f |s 975dfc2a-f00c-3187-a964-f94fd52939f3  |i d7a9ce5a-02bc-3dbb-ace2-d29ee149c614  |t 0 
952 f f |a Texas A&M University  |b College Station  |c Electronic Resources  |d Available Online  |t 0  |e Y4.V64/3:115-6  |h Superintendent of Documents classification 
998 f f |a Y4.V64/3:115-6  |t 0  |l Available Online